000 00319nam a2200133Ia 4500
003 OSt
005 20231207103355.0
008 170524s9999 xx 000 0 und d
020 _a8170299934
040 _cIIMT UNIVERSITY
100 _aHAYES- JOHN P.
245 0 _aCOMPUTER ARCHITECHTURE & ORGANIZATION
942 _2ddc
_c02
999 _c3958
_d3958